Fray Gerundio de Campazas

Guardat en:
Dades bibliogràfiques
Autors principals: Isla, José Francisco de (Autor), Esteve Barba, Francisco (Autor)
Format: Llibre
Idioma:espanyol
Publicat: Zaragoza Ebro 1947
Col·lecció:Clásicos Ebro, 45
Matèries:
Etiquetes: Afegir etiqueta
Sense etiquetes, Sigues el primer a etiquetar aquest registre!

MARC

LEADER 00000nam a2200000 a 4500
001 UCW9511
003 CL-VaPUC
008 890503e19470000SP |||||||||||||||||spa|d
082 0 4 |a 863  |b ISL  |2 21 
100 |a Isla, José Francisco de  |e author  |9 314789 
700 0 |a Esteve Barba, Francisco  |e author  |9 314790 
245 1 0 |a Fray Gerundio de Campazas 
300 |a 126 p 
942 |c BK 
945 |d 19890503 00:00:00 
260 |a Zaragoza  |b Ebro  |c 1947 
650 0 |a Novelas españolas  |9 265052 
583 |a last modification  |c 19890503 00:00:00  |k Rodrigo Vera 
490 0 |a Clásicos Ebro, 45 
999 |c 221460  |d 221458 
952 |0 0  |1 0  |4 0  |6 863_000000000000000_ISL_1947  |7 0  |8 R  |9 214802  |a BIBEDU  |b BIBEDU  |c MCIRC  |d 2019-11-15  |i 2833719  |o 863 ISL 1947  |p 2833719  |r 2023-01-13  |w 2019-11-15  |y BK_R  |k LIT 
952 |0 0  |1 0  |4 0  |6 863_000000000000000_ISL_1947  |7 0  |8 R  |9 214803  |a BIBEDU  |b BIBEDU  |c MCIRC  |d 2019-11-15  |i 2833751  |o 863 ISL 1947  |p 2833751  |r 2023-01-13  |w 2019-11-15  |y BK_R  |k LIT